| 000 | 00374nam a2200145Ia 4500 | ||
|---|---|---|---|
| 008 | 240624s9999 xx 000 0 und d | ||
| 041 | _aeng | ||
| 082 | _a330.015195 GUJ | ||
| 100 | _aGUJARATI DAMODARAN N | ||
| 245 | _aBASIC ECONOMETRICS | ||
| 250 | _a(4th ed.) | ||
| 260 |
_c2007 _aNew Delhi _bTata McGraw- Hill |
||
| 300 | _axxix, : 1036 : p. : cm. ; 23 | ||
| 365 |
_cRS _b35 |
||
| 999 |
_c8472 _d8472 |
||